Pyrolysis of biomass : (Record no. 51389)

MARC details
000 -LEADER
fixed length control field 00511nam a2200193Ia 4500
005 - DATE AND TIME OF LATEST TRANSACTION
control field 20260429111917.0
008 - FIXED-LENGTH DATA ELEMENTS--GENERAL INFORMATION
fixed length control field 260429s9999||||xx |||||||||||||| ||und||
020 ## - INTERNATIONAL STANDARD BOOK NUMBER
International Standard Book Number 9789358870893
041 ## - LANGUAGE CODE
Language English
082 ## - DEWEY DECIMAL CLASSIFICATION NUMBER
Classification number 662.88
Item number PAN
100 ## - MAIN ENTRY--PERSONAL NAME
Personal name Panwar, N.L.
245 #0 - TITLE STATEMENT
Title Pyrolysis of biomass :
Remainder of title science and technology /
Statement of responsibility, etc N.L. Panwar
260 ## - PUBLICATION, DISTRIBUTION, ETC. (IMPRINT)
Place of publication, distribution, etc New Delhi :
Name of publisher, distributor, etc Nipa,
Date of publication, distribution, etc 2024.
300 ## - PHYSICAL DESCRIPTION
Extent x, 303 p.; hb
650 ## - SUBJECT ADDED ENTRY--TOPICAL TERM
Topical term or geographic name as entry element Biomass fuel
650 ## - SUBJECT ADDED ENTRY--TOPICAL TERM
Topical term or geographic name as entry element Fuel technology
700 ## - ADDED ENTRY--PERSONAL NAME
Personal name Patel, M.R.
942 ## - ADDED ENTRY ELEMENTS (KOHA)
Koha item type Text Books
Holdings
Withdrawn status Lost status Damaged status Not for loan Collection code Home library Location Shelving location Date of Cataloging Source of acquisition Total Checkouts Full call number Barcode Date last seen Price effective from Koha item type
        Non-fiction CUTN Central Library CUTN Central Library Medicine, Technology & Management 29/04/2026 Shanti Books, Chennai - Invoice No. 3100 on 09-02-2026   662.88 PAN 56356 29/04/2026 29/04/2026 Text Books